|
|
|
|
| LEADER |
02845cam a2200637 i 4500 |
| 001 |
nkc20203259878 |
| 003 |
CZ PrNK |
| 005 |
20210413114935.0 |
| 007 |
ta |
| 008 |
201216s2020 xr e l 001 0 cze d |
| 015 |
|
|
|a cnb003259878
|
| 020 |
|
|
|a 978-80-7598-952-9
|q (brožováno)
|
| 035 |
|
|
|a (OCoLC)1250249364
|
| 040 |
|
|
|a PNA001
|b cze
|d BOA001
|e rda
|
| 041 |
0 |
|
|a cze
|b cze
|b eng
|b rus
|
| 043 |
|
|
|a e-xr---
|
| 072 |
|
7 |
|a 351
|x Úkoly veřejné správy, správní opatření, legislativa
|2 Konspekt
|9 15
|
| 080 |
|
|
|a 338.46:393
|2 MRF
|
| 080 |
|
|
|a 351.776
|2 MRF
|
| 080 |
|
|
|a (437.3)
|2 MRF
|
| 080 |
|
|
|a (094.5)
|2 MRF
|
| 080 |
|
|
|a (0.072)
|2 MRF
|
| 100 |
1 |
|
|a Šejvl, Jaroslav,
|d 1976-
|7 jx20070626039
|4 cwt
|
| 245 |
1 |
0 |
|a Zákon o pohřebnictví ;
|b Zákon o válečných hrobech : komentář /
|c Jaroslav Šejvl, Pavel Vetešník, Eva Vetešníková
|
| 250 |
|
|
|a 2., podstatně přepracované a doplněné vydání
|
| 264 |
|
1 |
|a Praha :
|b Wolters Kluwer,
|c 2020
|
| 300 |
|
|
|a xvii, 491 stran ;
|c 21 cm
|
| 336 |
|
|
|a text
|b txt
|2 rdacontent
|
| 337 |
|
|
|a bez média
|b n
|2 rdamedia
|
| 338 |
|
|
|a svazek
|b nc
|2 rdacarrier
|
| 490 |
1 |
|
|a Komentáře Wolters Kluwer
|
| 500 |
|
|
|a "Právní stav publikace je ke dni 1.9.2020"--Rub titulní stránky
|
| 500 |
|
|
|a Terminologický slovník
|
| 504 |
|
|
|a Obsahuje bibliografie, bibliografické odkazy a rejstřík
|
| 505 |
0 |
0 |
|t Zákon č. 256/2001 Sb., o pohřebnictví a o změně některých zákonů --
|t Zákon č. 122/2004 Sb., o válečných hrobech a pietních místech a o změně zákona č. 256/2001 Sb., o pohřebnictví a o změně některých zákonů, ve znění pozdějších předpisů
|
| 546 |
|
|
|a České, anglické a ruské resumé
|
| 650 |
0 |
7 |
|a pohřebnictví
|7 ph124210
|z Česko
|2 czenas
|
| 650 |
0 |
9 |
|a funeral services
|z Czechia
|2 eczenas
|
| 655 |
|
7 |
|a zákony
|7 fd133886
|2 czenas
|
| 655 |
|
7 |
|a komentáře
|7 fd132578
|2 czenas
|
| 655 |
|
9 |
|a laws
|2 eczenas
|
| 655 |
|
9 |
|a commentaries
|2 eczenas
|
| 700 |
1 |
|
|a Vetešník, Pavel,
|d 1972-
|7 mzk2009533885
|4 cwt
|
| 700 |
1 |
|
|a Vetešníková, Eva,
|d 1986-
|7 ola2015858679
|4 cwt
|
| 710 |
1 |
2 |
|a Česko.
|t Zákon o pohřebnictví (2001, novela 2017)
|7 kon20191020378
|
| 710 |
1 |
2 |
|a Česko.
|t Zákon o válečných hrobech a pietních místech (2004, novela 2017)
|7 kon20211103266
|
| 740 |
0 |
2 |
|a Zákon o válečných hrobech
|
| 830 |
|
0 |
|a Komentáře (Wolters Kluwer ČR)
|0 s
|
| 910 |
2 |
|
|a BOA001
|b 2-1461.124
|
| 920 |
|
|
|a 000891561
|z PNA001
|
| 990 |
|
|
|a BK
|
| 995 |
|
|
|a 01
|
| 991 |
|
|
|b 202102
|c NOV
|
| 996 |
6 |
|
|b 2610856258
|c 2-1461.124
|l MZK
|r Sklad / do 1 hodiny
|n 0
|p p.v.
|w 001842630
|u 000010
|a 1
|e BOA001
|j MZK50
|s P
|
| 996 |
6 |
|
|b 2610858326
|c 2-1461.124
|l MZK
|r HSS 4p
|n 0
|p kup
|h 35 ŠEJ
|w 001842630
|u 000020
|a 0
|e BOA001
|j MZK50
|s P
|
| 996 |
7 |
|
|b 2610858327
|c 2-1461.124
|l Vol.výběr
|r VV 0p
|n 6
|p kup
|h 35 ŠEJ
|w 001842630
|u 000030
|a 0
|e BOA001
|j MZK50
|s A
|